000 01140nam a22003134a 4500
001 197920
003 ES-MaACL
005 20251122063148.0
008 251030s2006 sp a||| |||| 001 | spa d
020 _a84-305-5833-0
040 _aES-MaACL
_bspa
_cES-MaACL
_erda
080 _a94(460)
100 1 _aQueralt del Hierro, María del Pilar,
_9237630
_d1954-
_eaut
245 1 0 _aAtlas ilustrado de la historia de España /
_cMaría Pilar Queralt del Hierro ; prólogo de Ian Gibson.
264 1 _aMadrid :
_bSusaeta,
_c2006
264 4 _a©2006
300 _a252 páginas :
_bilustraciones (color) ;
_c27 cm
336 _2rdacontent
_atexto
337 _2rdamedia
_asin mediación
338 _2rdacarrier
_avolumen
500 _aÍndices
651 4 _aEspaña-
_xHistoria
_98209
700 1 _aGibson, Ian (
_d1939-)
_956666
_eaui
852 _aES-MaACL
_cDEPO1
_jA-15828
_hDonación: José Lázaro García
_xEncuadernación cartoné
_9206933
942 _cMONOGRAFIA
_n0
999 _c197920
_d197920